Matemática 7 /

Guardado en:
Autor Principal: Andrés, Marina E.
Otros Autores: De Elizondo, María Celina L.
Formato: Libro
Publicado: Buenos Aires : Santillana, 2003
Series:Santillana Hoy
Materias:
Etiquetas: Agregar Etiqueta
Sin Etiquetas, Sea el primero en etiquetar este registro!
LEADER 00904nam a22002295a 4500
001 CEM.cems011313
005 20080229081459.0
008 130507s2003##################000#0#####d
003 CEMS
020 |a 9504612458 
082 0 4 |a Z510 
100 1 |a Andrés, Marina E. 
245 1 0 |a Matemática 7 /  |c Marina E. Andrés , María Celina L. de Elizondo 
260 |a Buenos Aires :  |b Santillana,  |c 2003 
300 |a 144 p. 
490 0 |a Santillana Hoy 
500 |a Para 7ºaño Egb 
505 0 |a Números naturales -- Fracciones decimales --- Angulos -- Proporcionalidad -- Representaciones gráficas -- Construcciones geométricas -- Perímetros y áreas -- Números enteros -- Cuerpos geométricos. Areas -- Volumen, capacidad y masa 
653 |a Matemática 
653 |a Matemática-7º egb 
700 1 |a De Elizondo, María Celina L. 
859 |a CEMS  |b BIB. CEMS - 11 de abril  |h Z510  |i An25  |p 22244.03  |t Ej.1  |v 7º  |3 7º